España en la independencia de América

Sábháilte in:
Sonraí bibleagrafaíochta
Príomhchruthaitheoir: Ramos Pérez, Demetrio (autor)
Formáid: LEABHAR
Teanga:Spáinnis
Foilsithe / Cruthaithe: Madrid, España Mapfre 1996
Sraith:Colección América 92, 16
Ábhair:
Clibeanna: Cuir clib leis
Níl clibeanna ann, Bí ar an gcéad duine le clib a chur leis an taifead seo!

MARC

LEADER 00000nam a2200000 a 4500
001 UCR5861
003 CL-VaPUC
005 20250113120047.0
008 980403e19960000SP |||||||||||||||||spa|d
999 |c 268209  |d 268207 
040 |c Pontificia Universidad Católica de Valparaíso 
082 0 4 |a 946 RAM 1996  |2 21 
100 |a Ramos Pérez, Demetrio  |e autor  |9 447719 
245 1 0 |a España en la independencia de América 
260 |a Madrid, España  |b Mapfre  |c 1996 
300 |a 650 páginas 
490 0 |a Colección América 92,  |v  16 
583 |a last modification  |c 19980403 00:00:00  |k Rodrigo Vera 
650 0 |a Historia  |z ESPAÑA  |9 255047 
650 0 |a Independencia   |z AMERICA  |9 344246 
650 7 |a INDEPENDENCIA DE AMERICA  |2 CL-VaPUC  |9 378155  |y SIGLOS 18-19  |z ESPAÑA 
650 0 |a Monarquía   |z AMERICA  |9 255259 
852 |a BIBCUR 
942 |c BK  |2 ddc 
945 |d 19980403 00:00:00  |a rbrito 
952 |0 0  |1 0  |2 ddc  |4 0  |6 946_000000000000000_RAM_1996  |7 0  |8 A  |9 301177  |a BIBHIS  |b BIBHIS  |d 2019-11-20  |i 3396479  |o 946 RAM 1996  |p 3396479  |r 2025-01-20  |t 1  |w 2019-11-20  |y BK  |k HIS